Crushed Country Flags - Statistics

General Stats
  • This quiz has been taken 330 times
    325 since last reset
  • The average score is 18 of 20
Answer Stats
Flag Country % Correct
United Kingdom
96%
Israel
94%
South Africa
94%
Kazakhstan
92%
Panama
92%
Philippines
92%
South Korea
92%
Bosnia and Herzegovina
91%
Greece
91%
Honduras
89%
Senegal
87%
Antigua and Barbuda
86%
Eswatini
86%
Turkmenistan
84%
Uganda
84%
Zimbabwe
84%
Dominica
81%
Myanmar
81%
Suriname
80%
Comoros
74%
No matching quizzes found
Score Distribution
Percent of People with Each Score
Percentile by Number Answered
Your Score History
You have not taken this quiz since the last reset